000 00988nam0a22002651 4500
001 rc\466997
005 20250621094700.0
035 _a(NLR Aleph) 005711082
090 _a7378724
_c7378724
100 _a20030616d1988 |||y0rusy50 ca
101 0 _arus
102 _aRU
105 _aa |||||||||
200 1 _aКонфигурационное расщепление в спектрах КР в кристаллах с фазовыми переходами типа порядок-беспорядок
210 _aКиев
_cИТФ
_d1988
215 _a24 с.
_cил.
_d21
225 1 _aПрепринт
_fАН УССР, Ин-т теорет. физики
_vИТФ-88-80Р
320 _aБиблиогр.: с. 16-17 (11 назв.)
700 1 _aИванкив
_bЯ.Л.
_gЯрослав Львович
701 1 _aСтасюк
_bИ.В.
_gИгорь Васильевич
801 0 _aRU
_bNLR
_gpsbo
801 1 _aRU
_bELAR
_2rusmarc
852 _aNLR
_j89-4/2357
942 _cBOOK
980 _aNB